| 000 | 00362nam a2200157Ia 4500 | ||
|---|---|---|---|
| 008 | 221030s9999 xx 000 0 und d | ||
| 020 | _a8187325178 | ||
| 041 | _aEnglish | ||
| 082 |
_a105.23 _bhar |
||
| 100 | _aJ. A. Harris | ||
| 245 | 0 |
_aOperating System _cby J. A. Harris |
|
| 260 |
_bTMH _aDelhi _c2002 |
||
| 300 | _a234 | ||
| 650 | _aComputers | ||
| 942 | _cBK | ||
| 999 |
_c2703 _d2703 |
||